header

Writing First (Record no. 254750)

MARC details
000 -LEADER
fixed length control field 00340nam a22001217a 4500
008 - FIXED-LENGTH DATA ELEMENTS--GENERAL INFORMATION
fixed length control field 160712b xxu||||| |||| 00| 0 eng d
020 ## - INTERNATIONAL STANDARD BOOK NUMBER
International Standard Book Number 031239974X
050 ## - LIBRARY OF CONGRESS CALL NUMBER
Classification number PE1413
Item number .K459 2003
100 ## - MAIN ENTRY--PERSONAL NAME
Personal name Kirszner,Laurie G.
245 ## - TITLE STATEMENT
Title Writing First
Remainder of title Practice in context
250 ## - EDITION STATEMENT
Edition statement Second Edition
260 ## - PUBLICATION, DISTRIBUTION, ETC. (IMPRINT)
Place of publication, distribution, etc New York
Name of publisher, distributor, etc Bedford/St.Martins
Date of publication, distribution, etc 2003

No items available.

© 2026 Rongo University
Contact us: librarian | system librarian | Rongo university